Bioquímica (Record no. 90612)

MARC details
000 -LEADER
campo de control de longitud fija 00664nam a2200193 i 4500
001 - NÚMERO DE CONTROL
campo de control 90612
003 - IDENTIFICADOR DE NÚMERO DE CONTROL
campo de control ES-MaACL
005 - FECHA Y HORA DE LA ÚLTIMA TRANSACCIÓN
campo de control 20230906180516.0
007 - CAMPO FIJO DE DESCRIPCIÓN FÍSICA--INFORMACIÓN GENERAL
campo de control de longitud fija t|
008 - DATOS DE LONGITUD FIJA--INFORMACIÓN GENERAL
campo de control de longitud fija 050121s1972 sp ||||1| spa d
100 1# - ENTRADA PRINCIPAL--NOMBRE DE PERSONA
Nombre de persona Lehninger, Albert L.
9 (RLIN) 71352
245 10 - MENCIÓN DEL TÍTULO
Título Bioquímica
Resto del título : las bases moleculares de la estructura y función celular /
Mención de responsabilidad, etc. Albert L. Lehninger ; traducido del inglés por Fernando Calvet Prats y Jorge Bozal Fes.
250 ## - MENCION DE EDICION
Mención de edición [5ª reed.].
260 ## - PUBLICACIÓN, DISTRIBUCIÓN, ETC.
Lugar de publicación, distribución, etc. Barcelona :
Nombre del editor, distribuidor, etc. Omega,
Fecha de publicación, distribución, etc. [1972]
300 ## - DESCRIPCIÓN FÍSICA
Extensión XIII, 887 p. ;
Dimensiones 30 cm.
700 1# - ENTRADA AGREGADA--NOMBRE PERSONAL
Nombre de persona Calvet Prats, Fernando.
9 (RLIN) 33817
700 1# - ENTRADA AGREGADA--NOMBRE PERSONAL
Nombre de persona Bozal Fes, Jorge.
9 (RLIN) 31209
852 ## - LOCALIZACIÓN
Ubicación ES-MaACL
Número de control de estantería A-5865
Sublocalización o colección R.94906
Holdings
Estatus retirado Estado de pérdida Estado de daño No para préstamo Biblioteca de origen Biblioteca actual Ubicación en estantería Fecha de adquisición Fuente de adquisición Total de préstamos Signatura topográfica completa Código de barras Visto por última vez Precio de reemplazo Tipo de ítem Koha
        Biblioteca del Ateneo de Madrid Biblioteca del Ateneo de Madrid Sala Pecera Planta 1 17/01/2008     A-5865 1094617 23/02/2023 23/02/2023 Libro impreso